Meses del año en 15 segundos - Estadísticas

Estadísticas generales
  • Esta prueba ha sido intentada 1.884 veces
  • La puntuación promedio es 8 de 12
Estadísticas de respuestas
Repuesta % Correcto
enero
98%
febrero
88%
marzo
85%
abril
82%
mayo
79%
junio
75%
julio
69%
agosto
60%
septiembre
45%
octubre
34%
noviembre
24%
diciembre
19%
No se encontraron pruebas coincidentes
Distribución de puntuación
Porcentaje de gente con cada puntuación
Porcentaje por número respondido
Historial de tus puntuaciones
No has intentado esta prueba.